<?xml version="1.0" encoding="UTF-8"?><marc:collection xmlns:marc="http://www.loc.gov/MARC21/slim">
  <marc:record>
    <marc:leader>00000nam##2200000za#4500</marc:leader>
    <marc:controlfield tag="001">9.679536</marc:controlfield>
    <marc:controlfield tag="003">CaOODSP</marc:controlfield>
    <marc:controlfield tag="005">20200328192731</marc:controlfield>
    <marc:controlfield tag="007">ta</marc:controlfield>
    <marc:controlfield tag="008">150407|1995||||xxc|||||     f|0| 0 fre|d</marc:controlfield>
    <marc:datafield tag="020" ind1=" " ind2=" ">
      <marc:subfield code="a">0-662-80350-7</marc:subfield>
    </marc:datafield>
    <marc:datafield tag="040" ind1=" " ind2=" ">
      <marc:subfield code="a">CaOODSP</marc:subfield>
      <marc:subfield code="b">fre</marc:subfield>
    </marc:datafield>
    <marc:datafield tag="043" ind1=" " ind2=" ">
      <marc:subfield code="a">n-cn---</marc:subfield>
    </marc:datafield>
    <marc:datafield tag="086" ind1="1" ind2=" ">
      <marc:subfield code="a">H68-37/1995F</marc:subfield>
    </marc:datafield>
    <marc:datafield tag="110" ind1="1" ind2=" ">
      <marc:subfield code="a">Canada.</marc:subfield>
      <marc:subfield code="b">Santé Canada. </marc:subfield>
      <marc:subfield code="b">Consei national du bien-être social.</marc:subfield>
    </marc:datafield>
    <marc:datafield tag="245" ind1="1" ind2="3">
      <marc:subfield code="a">Le budget de 1995 et le financement global : </marc:subfield>
      <marc:subfield code="b">rapport du Conseil national du bien-être social </marc:subfield>
    </marc:datafield>
    <marc:datafield tag="260" ind1=" " ind2=" ">
      <marc:subfield code="a">Ottawa - Ontario : </marc:subfield>
      <marc:subfield code="b">Santé Canada. </marc:subfield>
      <marc:subfield code="c">1995.</marc:subfield>
    </marc:datafield>
    <marc:datafield tag="300" ind1=" " ind2=" ">
      <marc:subfield code="a">32p. : </marc:subfield>
      <marc:subfield code="b">graphique, références, tableau ; </marc:subfield>
      <marc:subfield code="c">28 cm.</marc:subfield>
    </marc:datafield>
    <marc:datafield tag="500" ind1=" " ind2=" ">
      <marc:subfield code="a">«Le présent rapport décrit l'assistance sociale au Canada avant la création du Régime d'assistance publique du Canada et le progrès considérable que le RAPC nous a permis de réaliser. Le rapport analyse les propositions du budget de 1995 et les conséquences désastreuses que ces propositions auraient pour des personnes en chair et en os qui ont des besoins réels. Il présente d'autres moyens, plus avantageux, pour assurer le financement de l'assistance sociale et des services sociaux. Et il termine par un appel aux décideurs à faire preuve d'ouverture et de souplesse, plutôt que de dissimulation et de rigidité, dans l'établissement des politiques.»--Introduction.</marc:subfield>
    </marc:datafield>
    <marc:datafield tag="520" ind1="3" ind2=" ">
      <marc:subfield code="a">Le présent rapport décrit l'assistance sociale au Canada avant la création du Régime d'assistance publique du Canada et le progrès considérable que le RAPC nous a permis de réaliser. Le rapport analyse les propositions du budget de 1995 et les conséquences désastreuses que ces propositions auraient pour des personnes en chair et en os qui ont des besoins réels. Il présente d'autres moyens, plus avantageux, pour assurer le financement de l'assistance sociale et des services sociaux. Et il termine par un appel aux décideurs à faire preuve d'ouverture et de souplesse, plutôt que de dissimulation et de rigidité, dans l'établissement des politiques.--Introduction</marc:subfield>
    </marc:datafield>
    <marc:datafield tag="563" ind1=" " ind2=" ">
      <marc:subfield code="a">Couverture souple</marc:subfield>
    </marc:datafield>
    <marc:datafield tag="590" ind1=" " ind2=" ">
      <marc:subfield code="a">95-28</marc:subfield>
      <marc:subfield code="b">1995-07-14</marc:subfield>
    </marc:datafield>
    <marc:datafield tag="691" ind1="0" ind2="7">
      <marc:subfield code="a">Bien-être social</marc:subfield>
      <marc:subfield code="2">gcpds</marc:subfield>
    </marc:datafield>
    <marc:datafield tag="775" ind1="0" ind2="8">
      <marc:subfield code="t">The 1995 budget and block funding : </marc:subfield>
      <marc:subfield code="w">(CaOODSP)9.645924</marc:subfield>
    </marc:datafield>
    <marc:datafield tag="776" ind1="0" ind2="#">
      <marc:subfield code="t">Le budget de 1995 et le financement global </marc:subfield>
      <marc:subfield code="w">(CaOODSP)9.640729</marc:subfield>
    </marc:datafield>
  </marc:record>
</marc:collection>
